000 00615nam a22001817a 4500
001 TVUNI
005 20260126014644.0
008 221102s2007 vm vie d
020 _c26000
040 _aTVUNI
_eAACR2
041 0 _avie
110 2 _aBộ Tài chính
245 1 0 _aChế dộ kết toán doanh nghiệp hệ thống báo cáo tài chính :
_bBan hành theo QĐ số 15/2006/QĐ-BTC ngày 20 tháng 03 năm 2006 của bộ trưởng bộ tài chính /
_cBộ Tài chính
260 _aHà Nội :
_bTài Chính,
_c2007
300 _a124 tr. ;
_c25 cm.
942 _2ddc
_cBK
999 _c2431
_d2431
912 _a1
_bHiển Phạm